| 000 | 00467nam a22001697a 4500 | ||
|---|---|---|---|
| 999 |
_c12195 _d12195 |
||
| 008 | 220715b ||||| |||| 00| 0 eng d | ||
| 020 | _a9780071147118 | ||
| 082 |
_a620.00151 _bROS |
||
| 100 | _a Ross, Timothy J. | ||
| 245 | _aFuzzy logic with engineering applications | ||
| 260 |
_aNew York _bMcGraw Hill _c1997 |
||
| 300 | _axx, 600p. | ||
| 650 | _aFuzzy logic | ||
| 650 | _aEngineering mathematics | ||
| 650 | _aEngineering--Statistical methods | ||
| 942 | _cBK | ||